| 000 | 00462nam a2200157 4500 | ||
|---|---|---|---|
| 005 | 20260506115422.0 | ||
| 008 | 260506b |||||||| |||| 00| 0 eng d | ||
| 020 | _a9781000403404 | ||
| 082 |
_a374 _bROB-G |
||
| 100 | _aRobinson,Petra A. | ||
| 245 |
_aGlobal Citizenship For Adult Education _bAdvancing Critical Literacies For Equity And Social Justice |
||
| 260 |
_aNew York _bRoutledge Publishers |
||
| 300 | _a371p | ||
| 650 | _aEducation | ||
| 942 | _cBK | ||
| 999 |
_c47532 _d47532 |
||